|
|
|
|
| LEADER |
00000nab a2200000 a 4500 |
| 001 |
vtls000898216 |
| 003 |
SK-MaSNL |
| 005 |
20260303203021.0 |
| 008 |
040720e19980629xo 0 slo |
| 035 |
|
|
|a KE7231
|
| 040 |
|
|
|a KEVKJB
|b slo
|c KEVKJB
|e AACR2
|
| 041 |
0 |
|
|a slo
|
| 044 |
|
|
|a xo
|c SK
|
| 080 |
|
|
|a 792.9
|2 1981
|
| 080 |
|
|
|a 929
|2 1981
|
| 100 |
1 |
|
|a Hriadelová, Miloslava
|4 aut
|9 348764
|
| 245 |
1 |
0 |
|a Na Hlavnej sa odvíjal Bocatiov príbeh
|b 620 metrov dlhý špalier ľudí sledoval životné osudy najznámejšieho richtára mesta
|
| 300 |
|
|
|b 8 foto
|
| 500 |
|
|
|a Úprava textu: Peter Scherhaufer, Alžbeta Verešpejová, Michal Hatina. Réžia technologického parku Michal Hatina
|
| 600 |
1 |
7 |
|a Schuster, Rudolf,
|d 1934-
|t Ján Bocatius
|2 snkbucl
|9 110637
|
| 600 |
1 |
7 |
|a Scherhaufer, Peter,
|d 1942-1999
|2 snkbucl
|9 107156
|
| 600 |
1 |
7 |
|a Hatina, Michal,
|d 1973-
|2 snkbucl
|9 905274
|
| 630 |
0 |
7 |
|a Bocatius '98 (divadelný projekt)
|2 snkbucl
|9 1235154
|
| 648 |
|
7 |
|a 1998
|2 snkbucl
|9 282348
|
| 650 |
0 |
7 |
|a pouličné divadlo
|2 KEVKJB
|9 58536
|
| 650 |
0 |
7 |
|a divadelné projekty
|2 snkbucl
|9 647453
|
| 651 |
|
7 |
|a Košice (Slovensko)
|2 KEVKJB
|9 18694
|
| 655 |
|
7 |
|a fotoreportáže
|2 KEVKJB
|9 532991
|
| 773 |
0 |
8 |
|t Korzár
|g Roč. 1, č.115, 29.6.1998, s. 4-5
|
| 852 |
|
|
|a ZVYKNI
|b KIS3GCP
|
| 999 |
|
|
|c 2183196
|d 2185126
|